[Event "Srpska Republic-chT 1st League"]
[Site "Banja Dvorovi"]
[Date "2018.08.09"]
[Round "6.4"]
[White "Topic, Dragan"]
[Black "Peric, David"]
[Result "1-0"]
[WhiteElo "2209"]
[BlackElo "1488"]
[PlyCount "45"]
[EventDate "2018.08.04"]
[EventType "team-tourn"]
[EventRounds "9"]
[EventCountry "BIH"]
[SourceTitle "CBM 186 Extra"]
[Source "ChessBase"]
[SourceDate "2018.08.24"]
[SourceVersion "1"]
[SourceVersionDate "2018.08.24"]
[SourceQuality "1"]
[WhiteTeam "Brcko Jedinstvo"]
[BlackTeam "Bijeljina Svetozar Gligoric"]
[WhiteTeamCountry "BIH"]
[BlackTeamCountry "BIH"]

1. e4 e5 2. Nf3 d6 3. Bc4 Bg4 4. c3 Nf6 5. Qb3 Qc8 6. Ng5 h6 7. Nxf7 Rh7 8. f3 Bd7 9. d4 d5 10. exd5 exd4 11. Ne5 dxc3 12. Nxc3 Bd6 13. 0-0 c6 14. Re1 Bxe5 15. Rxe5+ Kd8 16. Bf4 g5 17. Bg3 Nh5 18. Rd1 Nxg3 19. hxg3 cxd5 20. Bxd5 Qc5+ 21. Kh2 b5 22. Bxa8 Qxe5 23. Qg8+ 1-0

[Event "Srpska Republic-chT 1st League"]
[Site "Banja Dvorovi"]
[Date "2017.08.16"]
[Round "5.2"]
[White "Elez, Sinisa"]
[Black "Topic, Dragan"]
[Result "1-0"]
[WhiteElo "2044"]
[BlackElo "2245"]
[PlyCount "51"]
[EventDate "2017.08.12"]
[EventType "team-tourn"]
[EventRounds "9"]
[EventCountry "BIH"]
[SourceTitle "EXT 2019"]
[Source "ChessBase"]
[SourceDate "2018.10.10"]
[SourceVersion "1"]
[SourceVersionDate "2018.10.10"]
[SourceQuality "1"]
[WhiteTeam "Dvorovi"]
[BlackTeam "Brcko Jedinstvo"]
[WhiteTeamCountry "BIH"]
[BlackTeamCountry "BIH"]

1. e4 c5 2. Nf3 Nc6 3. c3 d6 4. d4 cxd4 5. cxd4 Nf6 6. d5 Nb8 7. Nc3 g6 8. Bb5+ Bd7 9. Be2 Bg7 10. e5 dxe5 11. Nxe5 0-0 12. Nxd7 Nbxd7 13. Be3 Nb6 14. Bxb6 Qxb6 15. 0-0 Qd6 16. Qa4 a6 17. Rad1 Rac8 18. Rfe1 Rc7 19. h3 Rd8 20. Bf3 Rcd7 21. Qc4 Rc7 22. Qe2 Kf8 23. Qe3 h5 24. g3 b5 25. Kg2 Rcd7 26. a3 1-0

[Event "Srpska Republic-chT 1st League"]
[Site "Banja Dvorovi"]
[Date "2017.08.13"]
[Round "2.1"]
[White "Topic, Dragan"]
[Black "Burovic, Rijad"]
[Result "1/2-1/2"]
[WhiteElo "2245"]
[BlackElo "2302"]
[PlyCount "60"]
[EventDate "2017.08.12"]
[EventType "team-tourn"]
[EventRounds "9"]
[EventCountry "BIH"]
[SourceTitle "EXT 2019"]
[Source "ChessBase"]
[SourceDate "2018.10.10"]
[SourceVersion "1"]
[SourceVersionDate "2018.10.10"]
[SourceQuality "1"]
[WhiteTeam "Brcko Jedinstvo"]
[BlackTeam "Gacko Mladost"]
[WhiteTeamCountry "BIH"]
[BlackTeamCountry "BIH"]

1. e4 c6 2. d4 d5 3. exd5 cxd5 4. Bd3 Nc6 5. c3 Nf6 6. Nf3 Bg4 7. Nbd2 e6 8. 0-0 Bd6 9. Re1 0-0 10. Nf1 h6 11. h3 Bxf3 12. Qxf3 e5 13. dxe5 Nxe5 14. Qd1 Re8 15. Be3 Ne4 16. Qc2 Nc6 17. Rad1 Qf6 18. Qb3 Rad8 19. Bb1 Bf4 20. Bxe4 Bxe3 21. Bh7+ Kxh7 22. Nxe3 d4 23. cxd4 Nxd4 24. Qxb7 Rb8 25. Qxa7 Rxb2 26. Ng4 Rxe1+ 27. Rxe1 Qf4 28. Qa3 Qd2 29. Qe3 Qxe3 30. Nxe3 Rxa2 1/2-1/2

[Event "BIH-chT1"]
[Site "Dvorovi"]
[Date "2016.08.12"]
[Round "7"]
[White "Topic, Dragan"]
[Black "Stojicic, Slavko"]
[Result "1-0"]
[WhiteElo "2243"]
[BlackElo "2114"]
[PlyCount "73"]
[EventDate "2016.08.06"]
[EventType "team-tourn"]
[EventRounds "9"]
[EventCountry "BIH"]
[SourceTitle "CBM 174 Extra"]
[Source "ChessBase"]
[SourceDate "2016.10.10"]
[SourceVersion "1"]
[SourceVersionDate "2016.10.10"]
[SourceQuality "1"]

1. e4 c6 2. d4 d5 3. exd5 cxd5 4. Bd3 Nc6 5. c3 Nf6 6. Nf3 Bg4 7. Nbd2 e6 8. Qc2 Rc8 9. a3 Bd6 10. h3 Bh5 11. 0-0 Bf4 12. Qd1 Qc7 13. Re1 0-0 14. Nf1 Bxc1 15. Rxc1 Qf4 16. Re3 e5 17. dxe5 Nxe5 18. Be2 Nc4 19. Bxc4 dxc4 20. Qd4 Qxd4 21. Nxd4 Rfe8 22. Nb5 Nd5 23. Rxe8+ Rxe8 24. Nd6 Nf4 25. Kh2 Re2 26. Nxc4 b5 27. Nce3 Rxb2 28. c4 bxc4 29. Rxc4 h6 30. Rxf4 Be2 31. Ng3 Bd3 32. Rd4 Rb3 33. a4 a5 34. Rd5 g6 35. Rxa5 f5 36. Nh1 Be4 37. Ra7 1-0

[Event "BIH-chT1"]
[Site "Dvorovi"]
[Date "2016.08.10"]
[Round "5"]
[White "Topic, Dragan"]
[Black "Cvijic, Nevenko"]
[Result "1-0"]
[WhiteElo "2243"]
[BlackElo "2109"]
[PlyCount "125"]
[EventDate "2016.08.06"]
[EventType "team-tourn"]
[EventRounds "9"]
[EventCountry "BIH"]
[SourceTitle "CBM 174 Extra"]
[Source "ChessBase"]
[SourceDate "2016.10.10"]
[SourceVersion "1"]
[SourceVersionDate "2016.10.10"]
[SourceQuality "1"]

1. d4 Nf6 2. Nf3 g6 3. Bf4 Bg7 4. e3 d6 5. Be2 0-0 6. 0-0 c5 7. c3 Nc6 8. h3 b6 9. Na3 Ne4 10. dxc5 Nxc5 11. Nd4 Bd7 12. Bf3 Rc8 13. Bg5 Ne5 14. Nab5 h6 15. Bh4 g5 16. Bg3 Nxf3+ 17. Qxf3 a6 18. Na3 e5 19. Nb3 Bc6 20. Qe2 b5 21. Nxc5 dxc5 22. e4 Qe7 23. f3 b4 24. Nc2 bxc3 25. bxc3 Rb8 26. Ne3 Rb6 27. Rfd1 Rfb8 28. Rd2 Rb1+ 29. Rxb1 Rxb1+ 30. Kh2 Bb5 31. c4 Bd7 32. Rb2 Rxb2 33. Qxb2 Qd6 34. Qb7 Be6 35. Nd5 Kh7 36. a4 h5 37. Kh1 g4 38. hxg4 hxg4 39. a5 Bxd5 40. Qxd5 Qh6+ 41. Kg1 Qc1+ 42. Kf2 Qb2+ 43. Kf1 gxf3 44. gxf3 Qc1+ 45. Be1 Qf4 46. Ke2 Bf8 47. Bf2 Kg6 48. Bxc5 Bh6 49. Bf2 Qc1 50. c5 Qb2+ 51. Kf1 Qc1+ 52. Kg2 Qb2 53. Qd3 Bf8 54. Qxa6+ Kh5 55. Qb6 Qd2 56. Qf6 Qa2 57. Qh8+ Bh6 58. Qxe5+ Kg6 59. c6 Be3 60. Qg3+ Kh7 61. c7 Bxf2 62. Qxf2 Qc4 63. Qh4+ 1-0

[Event "Srpska Republic-chT 1st League"]
[Site "Banja Vrucica"]
[Date "2014.08.17"]
[Round "9.2"]
[White "Topic, Dragan"]
[Black "Narancic, Vlado"]
[Result "1/2-1/2"]
[WhiteElo "2219"]
[BlackElo "2311"]
[PlyCount "50"]
[EventDate "2014.08.09"]
[EventType "team-tourn"]
[EventRounds "9"]
[EventCountry "BIH"]
[SourceTitle "EXT 2016"]
[Source "ChessBase"]
[SourceDate "2015.10.08"]
[SourceVersion "1"]
[SourceVersionDate "2015.10.08"]
[SourceQuality "1"]
[WhiteTeam "Brcko Jedinstvo"]
[BlackTeam "Srbac"]
[WhiteTeamCountry "BIH"]
[BlackTeamCountry "BIH"]

1. d4 Nf6 2. Nf3 g6 3. g3 Bg7 4. Bg2 0-0 5. 0-0 d6 6. Nc3 c6 7. e4 Nbd7 8. e5 Ne8 9. Re1 dxe5 10. dxe5 Nc7 11. b3 a5 12. Bb2 Ne6 13. Qe2 Ndc5 14. Ne4 Re8 15. Nfg5 a4 16. Nxc5 Nxc5 17. Qf3 Bf5 18. g4 Be6 19. Qe3 Nd7 20. Nxe6 fxe6 21. a3 axb3 22. Qxb3 Kf7 23. Rad1 Qc7 24. Re3 Nf8 25. g5 Ra5 1/2-1/2

[Event "BIH-chT"]
[Site "Neum"]
[Date "2011.06.09"]
[Round "6.6"]
[White "Topic, Dragan"]
[Black "Kadric, Denis"]
[Result "0-1"]
[WhiteElo "2209"]
[BlackElo "2376"]
[PlyCount "56"]
[EventDate "2011.06.04"]
[EventType "team-tourn"]
[EventRounds "9"]
[EventCountry "BIH"]
[SourceTitle "CBM 142 Extra"]
[Source "ChessBase"]
[SourceDate "2011.06.27"]
[SourceVersion "1"]
[SourceVersionDate "2011.06.27"]
[SourceQuality "1"]
[WhiteTeam "Obudovac"]
[BlackTeam "Sarajevo Bosna"]
[WhiteTeamCountry "BIH"]
[BlackTeamCountry "BIH"]

1. d4 Nf6 2. Nf3 g6 3. g3 Bg7 4. Bg2 d5 5. c4 dxc4 6. Qa4+ Nfd7 7. Qxc4 Nb6 8. Qd3 Nc6 9. Be3 Bf5 10. Qb3 Be6 11. Qd1 Nc4 12. b3 Nxe3 13. fxe3 Nb4 14. Nc3 c5 15. 0-0 0-0 16. Kh1 Rc8 17. Rc1 Bh6 18. a3 Na6 19. d5 Bd7 20. Qd3 Bf5 21. Qd2 Qb6 22. Ne5 c4 23. Nxc4 Qxb3 24. Ne5 Bg7 25. Qd4 Qxa3 26. Nb5 Qxc1 27. Rxc1 Rxc1+ 28. Bf1 Bh3 0-1